000
00279nam a2200109Ia 4500
008
190912s9999||||xx |||||||||||||| ||und||
100
_a
Ishtiaq Husain
245
4
_a
The Muslim Community of The Indo-Pakistan
260
_a
Karachi
_b
Education
_c
1999
300
_a
388
942
_c
BK
999
_c
7669
_d
7669